00487nam a2200145 a 450000100100000000500170001000800410002704000250006808200160009310000310010924501010014026000310024130000270027250000420029900001851320200929165821.0100511s1968 xxu r 000 0 spa d aDO-SdBNPbspacBNPHU axxxxbB786i1 aBowen, Desmond,d1921-199814aThe idea of the Victorian Church :ba study of the church of England 1833-1889 /cDesmond Bowen. aMontreal :bMcGill,c1968. axiii, 421 p. ;c25 cm. aIncluye notas al pie de las páginas